000 00529nam a22001811a 4500
001 11352
003 OSt
005 20260204212239.0
008 120817s2005||||ck ||||||b||||||||||spa||
050 _a9634.6 O8p
100 _aOsorio Díaz, Doris Liliana
245 _aProducción de lulos y otros frutos tropicales / Doris Liliana Osorio Díaz
264 _aColombia: Grupo Latino
300 _a39 p
490 _aColeccion volvamos al campo
650 _aFrutas Tropicales - Cultivo 2.Lulo - ProducciónÌ
942 _2ddc
_cBK
999 _c11352
_d11352